Quiz Argentina - Candidatos a Presidente - Estadísticas

Estadísticas generales
  • Esta prueba ha sido intentada 335 veces
  • La puntuación promedio es 17 de 24
Estadísticas de respuestas
Hint Respuesta % Correcto
2023 Javier Milei
99%
2023 Sergio Massa
98%
2015 Sergio Massa
98%
2019 Alberto Fernández
96%
2019 Mauricio Macri
96%
2015 Mauricio Macri
96%
2011 Cristina Fernández de Kirchner
94%
2023 Patricia Bullrich
92%
2019 Nicolás del Caño
89%
2015 Nicolás del Caño
89%
2023 Myriam Bregman
86%
2015 Daniel Scioli
81%
2023 Juan Schiaretti
77%
2019 José Luis Espert
64%
2011 Elisa Carrió
63%
2019 Roberto Lavagna
54%
2019 Juan Gómez Centurión
49%
2011 Ricardo Alfonsín
47%
2011 Hermes Binner
45%
2015 Adolfo Rodríguez Saa
39%
2011 Alberto Rodríguez Saa
39%
2015 Margarita Stolbizer
39%
2011 Eduardo Duhalde
28%
2011 Jorge Altamira
24%
No se encontraron pruebas coincidentes
Distribución de puntuación
Porcentaje de gente con cada puntuación
Porcentaje por número respondido
Historial de tus puntuaciones
No has intentado esta prueba.